Jetpunk Jeopardy #2 – the World Episode! - Statistics

General Stats
  • This quiz has been taken 45 times
  • The average score is 25 of 75
Answers on the Map
Answers color-coded by a green-red scale on the quiz's map according to % correct below.
 
Answer Stats
HINT ANSWER HINT % Correct
Country often synonymous with Oceania Australia 100
100%
Capital of Japan Tokyo 100
100%
The longest river in the world Nile River 100
98%
Language of the Roman Empire Latin 100
93%
World's largest island Greenland 100
91%
Peninsula disputed between Ukraine and Russia Crimea 200
73%
Crimea 200
73%
UK–Argentina border dispute Falkland Islands 200
69%
Falkland Islands 200
69%
Country with the most languages Papua New Guinea 200
69%
Papua New Guinea 200
69%
Either country to never be fully colonized Ethiopia / Liberia 200
58%
Ethiopia / Liberia 200
58%
Biggest city on Croatia's coast Split 400
58%
Split 400
58%
Split 400
58%
Split 400
58%
A U.S. military base on Cuba Guantánamo Bay 300
56%
Guantánamo Bay 300
56%
Guantánamo Bay 300
56%
Islamic pilgrimage to Mecca Hajj 300
56%
Hajj 300
56%
Hajj 300
56%
Peninsula in East Africa Horn of Africa 300
47%
Horn of Africa 300
47%
Horn of Africa 300
47%
What Northeast China is historically known as Manchuria 200
44%
Manchuria 200
44%
Formerly called "Dahomey" Benin 400
27%
Benin 400
27%
Benin 400
27%
Benin 400
27%
Any country in the Fergana Valley Kyrgyzstan / Turkmenistan / Uzbekistan 400
24%
Kyrgyzstan / Turkmenistan / Uzbekistan 400
24%
Kyrgyzstan / Turkmenistan / Uzbekistan 400
24%
Kyrgyzstan / Turkmenistan / Uzbekistan 400
24%
What you call someone from the Solomon Islands Solomon Islander 300
24%
Solomon Islander 300
24%
Solomon Islander 300
24%
City known as the "Third Rome" Moscow 300
22%
Moscow 300
22%
Moscow 300
22%
Territory with the highest GDP per capita on the continent Guam 400
18%
Guam 400
18%
Guam 400
18%
Guam 400
18%
Town on Bosnia's coastline Neum 500
16%
Neum 500
16%
Neum 500
16%
Neum 500
16%
Neum 500
16%
Smallest African Great Lake Lake Edward 500
11%
Lake Edward 500
11%
Lake Edward 500
11%
Lake Edward 500
11%
Lake Edward 500
11%
Small tectonic plate west of Washington state Juan de Fuca 400
9%
Juan de Fuca 400
9%
Juan de Fuca 400
9%
Juan de Fuca 400
9%
Largest city in FSM Weno 500
9%
Weno 500
9%
Weno 500
9%
Weno 500
9%
Weno 500
9%
The island Mumbai is on Salsette Island 500
7%
Salsette Island 500
7%
Salsette Island 500
7%
Salsette Island 500
7%
Salsette Island 500
7%
World's second largest coral reef system Mesoamerican Barrier Reef System 500
2%
Mesoamerican Barrier Reef System 500
2%
Mesoamerican Barrier Reef System 500
2%
Mesoamerican Barrier Reef System 500
2%
Mesoamerican Barrier Reef System 500
2%
No matching quizzes found
Score Distribution
Percent of People with Each Score
Percentile by Number Answered
Your Score History
You have not taken this quiz